000
00283nam a2200109Ia 4500
008
190912s9999||||xx |||||||||||||| ||und||
100
_a
Dr. M. Ali Siddiqui
245
0
_a
Quaid-i-Azam Muhammad Ali Jinnah Speeches
260
_a
karachi
_b
McGraw-Hill
_c
1996
300
_a
324
942
_c
BK
999
_c
7354
_d
7354